| 000 | 00728cab a2200241 4500 | ||
|---|---|---|---|
| 001 | WB3504-22 | ||
| 008 | 090401t1999 xxu||||| |||| 00| 0 eng d | ||
| 035 | _a(Sirsi) u90905 | ||
| 041 | _aeng | ||
| 245 | _aBonn seeks limit on farm spending | ||
| 260 | _c1999 | ||
| 350 | _a0 | ||
| 490 |
_aFinancial Times _v25 January 1999, 4, & 26 January 1999, 12(2) |
||
| 520 | _aGermany is expected to call for stricter limits on farm spending from now until 2006, in a bid to reform the EU agricultural policy. | ||
| 650 | _aAGENDA 2000 | ||
| 650 | _aAGRICULTURAL POLICY | ||
| 650 | _aEUROPEAN UNION | ||
| 650 | _aFARM SPENDING | ||
| 650 | _aREFORMS | ||
| 690 | _aEUROPE-SINGLE MARKET | ||
| 942 | _n0 | ||
| 948 | _c26/01/1999 | ||
| 999 |
_c57667 _d57667 |
||